000 00580nam a2200217 a 4500
008
020 _a0750626321 (pbk.)
049 _aMAIN
090 _aTK6563
100 _aPoole, Ian
245 0 _aBasic radio :
_bprinciples and technology /
_cIan Poole
260 _aOxford :
_bNewnes,
_c1998
300 _a263 p. :
_bill. ;
_c23 cm.
500 _aIncludes index.
650 _aRadio technology
907 _a.b10105451
_b05-09-05
_c06-01-04
003
005 20230123133555.0
040 _cNUST
942 _cBOOKS
_kTK6563
999 _c150940
_d150940